Indianapolis 500 Pole Winners - Statistics

General Stats
  • This quiz has been taken 14 times
    13 since last reset
  • The average score is 38 of 110
Answer Stats
Year Nationality Driver % Correct
1990 Brazil Emerson Fittipaldi
91%
2020 USA Marco Andretti
91%
1966 | 1967 | 1987 USA Mario Andretti
91%
1965 | 1969 | 1974 | 1975 USA A.J. Foyt
82%
1970 USA Al Unser
82%
1994 USA Al Unser Jr.
82%
1972 | 1981 USA Bobby Unser
82%
2003 | 2007 | 2009 | 2010 Brazil Helio Castroneves
82%
2023 | 2026 Spain Alex Palou
73%
1979 | 1982 | 1986 | +3 others USA Rick Mears
73%
1993 | 1997 | 1999 Netherlands Arie Luyendyk
64%
1964 UK Jim Clark
64%
1962 | 1963 USA Parnelli Jones
64%
2008 | 2015 | 2017 | +2 others New Zealand Scott Dixon
64%
2019 France Simon Pagenaud
64%
2013 | 2014 | 2018 USA Ed Carpenter
55%
2016 Canada James Hinchcliffe
55%
2024 New Zealand Scott McLaughlin
55%
2005 Brazil Tony Kanaan
55%
2025 Israel Robert Shwartzman
45%
2012 Australia Ryan Briscoe
45%
2006 USA Sam Hornish Jr.
45%
1947 USA Ted Horn
45%
2011 Canada Alex Tagliani
36%
1932 USA Lou Moore
36%
1953 USA Bill Vukovich
27%
2004 USA Buddy Rice
27%
1958 USA Dick Rathmann
27%
1995 | 1996 USA Scott Brayton
27%
1983 Italy Teo Fabi
27%
1977 | 1978 | 1984 USA Tom Sneva
27%
1973 | 1976 | 1980 USA Johnny Rutherford
18%
1941 USA Mauri Rose
18%
1992 Colombia Roberto Guerrero
18%
2001 USA Scott Sharp
18%
1998 USA Billy Boat
9%
1938 USA Floyd Roberts
9%
2000 USA Greg Ray
9%
1985 USA Pancho Carter
9%
1956 USA Pat Flaherty
9%
1971 USA Peter Revson
9%
1933 | 1937 USA Bill Cummings
0%
1930 USA Billy Arnold
0%
2002 Brazil Bruno Junqueira
0%
1913 USA Caleb Bragg
0%
1946 USA Cliff Bergere
0%
1929 USA Cliff Woodbury
0%
1949 | 1951 USA Duke Nalon
0%
1926 USA Earl Cooper
0%
1960 | 1961 USA Eddie Sachs
0%
1927 USA Frank Lockhart
0%
1952 USA Fred Agabashian
0%
1912 USA Gil Andersen
0%
1915 USA Howdy Wilcox
0%
1954 USA Jack Mcgrath
0%
1914 France Jean Chassagne
0%
1955 USA Jerry Hoyt
0%
1922 | 1924 USA Jimmy Murphy
0%
1939 USA Jimmy Snider
0%
1968 USA Joe Leonard
0%
1916 USA Johnny Aitken
0%
1959 USA Johnny Thomson
0%
1934 USA Kelly Petillo
0%
1925 | 1928 USA Leon Duray
0%
1911 USA Lewis Strang
0%
1957 USA Pat O'Connor
0%
1920 | 1921 USA Ralph DePalma
0%
1919 France Rene Thomas
0%
1935 | 1936 | 1940 | 1948 USA Rex Mays
0%
1931 USA Russ Snowberger
0%
1923 USA Tommy Milton
0%
1950 USA Walt Faulkner
0%
No matching quizzes found
Score Distribution
Percent of People with Each Score
Percentile by Number Answered
Your Score History
You have not taken this quiz since the last reset